| 000 | 01782nam a22002417a 4500 | ||
|---|---|---|---|
| 999 |
_c60190 _d60190 |
||
| 003 | Ge_BSU | ||
| 005 | 20230616112207.0 | ||
| 008 | 230616s2014 ge ||||| |||| 00| 0 geo d | ||
| 020 | _a9789941224393 | ||
| 041 | _ageo | ||
| 080 | _a641.568 თ-77 | ||
| 100 |
_aთოფჩიშვილი, რ. (როლანდ) _918756 |
||
| 245 |
_aქართველთა კვებითი კულტურის ისტორიიდან: სულუგუნი = From the history of Georgians' eating culture - Suluguni = Из истории культуры питания грузин: сулугуни / _cროლანდ თოფჩიშვილი; რედ. ნოდარ შოშიტაშვილი; ივანე ჯავახიშვილის სახელობის თბილისის სახელმწიფო უნივერსიტეტი. |
||
| 264 |
_aთბილისი : _bუნივერსალი, _c2014. |
||
| 300 |
_a70 გვ. ; _b20 სმ. |
||
| 500 | _aგარეკანი, თავფურ. და ტექსტი ქართ., ინგლ. და რუს. | ||
| 504 | _aბიბლიოგრ. ტექსტის შენიშვნებში. | ||
| 653 | _aყველის წარმოება საქართველოში | ||
| 653 | _aქართული ტრადიციული კერძები | ||
| 700 |
_aშოშიტაშვილი, ნ. (ნოდარ), _eრედაქტორი _918757 |
||
| 710 |
_a ივანე ჯავახიშვილის სახელობის თბილისის სახელმწიფო უნივერსიტეტი. _918758 |
||
| 942 |
_2udc _cBK |
||